=LDR 00000nam 2200000 4500 =001 INLIS000000000029107 =005 20210921081425 =035 ##$$a 0010-061300000029107 =008 210921################g##########0#ind## =041 ##$$a Ind =082 ##$$a 297.52 =090 ##$$a 2x5.2, Hul m =100 ##$$a Hulusi, Ahmed =245 1#$$a Misteri semesta /$c Ahmed Hulusi ; editor, R. Gaguk Ika Prayitna ; penerjemah, Wahyudi =260 ##$$a Surabaya :$b AUM Publishing,$c 2006 =300 ##$$a xvi, 239 hlm. ; $c 21 x 13 cm. =650 #4$$a Tasawuf =700 #$$a Prayitna, R. Gaguk Ika =850 ##$$a NBPNMAT =020 ##$$a 979-25-2004-X =084 ##$$a 297.52 Ahm m =250 ##$$a cet. 1 =990 ##$$a 20800095 =990 ##$$a 00093625 =990 ##$$a 20800094 =990 ##$$a 3202101036 =990 ##$$a 3202101036 =990 ##$$a 20800095 =990 ##$$a 00093625 =990 ##$$a 20800094